Como se gobierna el Canada (Record no. 152561)

MARC details
000 -LEADER
campo de control de longitud fija 00893nam a2200169 i 4500
001 - NÚMERO DE CONTROL
campo de control 152561
003 - IDENTIFICADOR DE NÚMERO DE CONTROL
campo de control ES-MaACL
005 - FECHA Y HORA DE LA ÚLTIMA TRANSACCIÓN
campo de control 20230906204808.0
008 - DATOS DE LONGITUD FIJA--INFORMACIÓN GENERAL
campo de control de longitud fija 931025s1898 cu |||| | spa d
100 1# - ENTRADA PRINCIPAL--NOMBRE DE PERSONA
Nombre de persona Bourinot, John Georges.
9 (RLIN) 31003
245 10 - MENCIÓN DEL TÍTULO
Título Como se gobierna el Canada
Resto del título : Relación ... de las instituciones ejecutiva, legislativa, judicial y municipal con un bosquejo histórico de su origen y desarrollo /
Mención de responsabilidad, etc. por John Georges Bourinot ; traducida por José Lorenzo Odoardo ; prologo de Antonio Govin y Torres.
260 ## - PUBLICACIÓN, DISTRIBUCIÓN, ETC.
Lugar de publicación, distribución, etc. Habana :
Nombre del editor, distribuidor, etc. [s.n.],
Fecha de publicación, distribución, etc. 1898 (
Fabricante "La Propaganda Literaria")
300 ## - DESCRIPCIÓN FÍSICA
Extensión XV, 272 p. ;
Dimensiones 19 cm.
700 0# - ENTRADA AGREGADA--NOMBRE PERSONAL
Nombre de persona Odoardo, José Lorenzo.
9 (RLIN) 86531
700 1# - ENTRADA AGREGADA--NOMBRE PERSONAL
Nombre de persona Govin y Torres, Antonio.
9 (RLIN) 59382
852 ## - LOCALIZACIÓN
Ubicación ES-MaACL
Número de control de estantería T-808-F-5
Nota libre -- Enc. hol. conservando la cub. original
-- -- Enc. en un vol. facticio
Encuadernación -- Edic.: Precede al tit.: Biblioteca de La Propaganda Literaria
Holdings
Estatus retirado Estado de pérdida Estado de daño No para préstamo Colección Biblioteca de origen Biblioteca actual Ubicación en estantería Fecha de adquisición Total de préstamos Signatura topográfica completa Código de barras Visto por última vez Precio de reemplazo Tipo de ítem Koha
        Colección de folletos Biblioteca del Ateneo de Madrid Biblioteca del Ateneo de Madrid Depósito folletos 17/01/2008   T-808-F-5 1159312 23/02/2023 23/02/2023 Folleto